al-Muʼaththirāt al-ajnabīyah fī al-adab al-ʻArabī al-ḥadīth, (Record no. 45709)
[ view plain ]
| 000 -LEADER | |
|---|---|
| fixed length control field | 00883cam a22002411 4500 |
| 001 - CONTROL NUMBER | |
| control field | ne 63000605 |
| 003 - CONTROL NUMBER IDENTIFIER | |
| control field | DLC |
| 005 - DATE AND TIME OF LATEST TRANSACTION | |
| control field | 20260227111743.0 |
| 008 - FIXED-LENGTH DATA ELEMENTS--GENERAL INFORMATION | |
| fixed length control field | 900516m19629999ua 000 0 arar |
| 010 ## - LIBRARY OF CONGRESS CONTROL NUMBER | |
| LC control number | ne 63000605 |
| 025 ## - OVERSEAS ACQUISITION NUMBER | |
| Overseas acquisition number | PL480:UAR-999 |
| 035 ## - SYSTEM CONTROL NUMBER | |
| System control number | (OCoLC)21545255 |
| 040 ## - CATALOGING SOURCE | |
| Original cataloging agency | DLC |
| Transcribing agency | WaU |
| Modifying agency | DLC |
| 042 ## - AUTHENTICATION CODE | |
| Authentication code | premarc |
| 043 ## - GEOGRAPHIC AREA CODE | |
| Geographic area code | ma----- |
| 050 00 - LIBRARY OF CONGRESS CALL NUMBER | |
| Classification number | PJ7510 |
| Item number | .A9 |
| 100 1# - MAIN ENTRY--PERSONAL NAME | |
| Personal name | ʻAwaḍ, Luwīs, |
| Dates associated with a name | 1915- |
| 245 03 - TITLE STATEMENT | |
| Title | al-Muʼaththirāt al-ajnabīyah fī al-adab al-ʻArabī al-ḥadīth, |
| Statement of responsibility, etc. | muḥāḍarāt alqāhā Luwis ʻAwaḍ ʻalá ṭalibat qism al-dirāsāt al-adabīyah wa-al-lughawīyh. |
| 260 ## - PUBLICATION, DISTRIBUTION, ETC. | |
| Place of publication, distribution, etc. | [al-Qāhirah] |
| Name of publisher, distributor, etc. | Jāmiʻat al-Duwal al-ʻArabīyah, Maʻhad al-Dirāsāt al-ʻArabīyah al-ʻĀlīyah, |
| Date of publication, distribution, etc. | [1962- ] |
| 300 ## - PHYSICAL DESCRIPTION | |
| Extent | v. |
| Dimensions | 24 cm. |
| 505 1# - FORMATTED CONTENTS NOTE | |
| Formatted contents note | al-Juzʼ al-awwal : qaḍīyat al-marʼah. |
| 650 #0 - SUBJECT ADDED ENTRY--TOPICAL TERM | |
| Topical term or geographic name entry element | Arabic literature |
| General subdivision | History and criticism. |
No items available.